000 00458 a2200157 4500
001 ART_12922
005 20260410161734.0
008 260409a
245 1 0 _aLa reforma del sistema financiero
100 1 _aBagur, Jorge Bernardino
700 1 _aRossi, Rodolfo C.
700 1 _aAdamo, Carlos
700 1 _aVázquez, Amadeo
700 1 _aGlembocki, Samuel
773 0 _tEjecutivos de finanzas
_g- Año 4, Nº 31 (sep. 1986)
_wREV2863
999 _c18122
_d18122